| 000 | 00751nam0a22002531 4500 | ||
|---|---|---|---|
| 001 | rc\68635 | ||
| 005 | 20260406092039.0 | ||
| 010 |
_a5-85871-044-1 _925000 |
||
| 035 | _a(NLR Aleph) 005342038 | ||
| 090 |
_a6704080 _c6704080 |
||
| 100 | _a20021216d1996 u y0rusy50 ca | ||
| 101 | 0 | _arus | |
| 102 | _aRU | ||
| 105 | _aa ||||||||| | ||
| 200 | 1 | _aПеньюры, ночные сорочки, пижамы | |
| 210 |
_aСПб. _cЛейла _d1996 |
||
| 215 |
_a310, [1] с. _cил. _d20 |
||
| 225 | 1 | _aМастерица | |
| 700 | 1 |
_7ca _8rus _aЕрзенкова _bН. В. _gНина Васильевна _3RU\NLR\AUTH\770282715 _92672155 |
|
| 801 | 0 |
_aRU _bNLR _gpsbo |
|
| 801 | 1 |
_aRU _bELAR _2rusmarc |
|
| 852 |
_aNLR _j96-3/9813 |
||
| 942 | _cBOOK | ||
| 980 | _aNB | ||